Largest Ancestry Groups In The U.S. - Statistics

General Stats
  • This quiz has been taken 183 times
  • The average score is 11 of 15
Answer Stats
Number Of Individuals Ancestry Group % Correct
49,206,934 German
98%
35,523,082 Irish
96%
26,923,091 English
95%
9,136,092 French
95%
17,558,598 Italian
95%
31,789,483 Mexican
93%
9,739,653 Polish
86%
41,284,752 African
79%
4,810,511 Dutch
79%
4,211,644 Swedish
78%
5,706,263 Scottish
77%
4,557,539 Norwegian
67%
4,920,336 American Indian
41%
4,607,774 Puerto Rican
33%
5,102,858 Scotch-Irish
14%
No matching quizzes found
Score Distribution
Percent of People with Each Score
Percentile by Number Answered
Your Score History
You have not taken this quiz